| 000 | 00589nam a2200181Ia 4500 | ||
|---|---|---|---|
| 005 | 20250423095524.0 | ||
| 008 | 250422s9999 xx 000 0 und d | ||
| 020 | _a0393051242 | ||
| 050 | _aHF 1418.5 .S75/ | ||
| 100 | _aStiglitz, Joseph E. | ||
| 245 | 0 | _aGlobalization and its discontents Joseph E. Stiglitz. | |
| 260 | _aNew York | ||
| 260 | _bW. W. Norton | ||
| 260 | _c2002 | ||
| 300 | _a282 p | ||
| 650 | _aIMF_Gelişmekte olan ülkeler. International Monetary Fund_Developing countries. Uluslararası ekonomik bütünleşme. International economic integration. | ||
| 942 | _cBK | ||
| 999 |
_c30528 _d30528 |
||